|
|
|
|
| LEADER |
00000cam a2200000 a 4500 |
| 001 |
vtls008351088 |
| 003 |
SK-MaSNL |
| 005 |
20260302074506.0 |
| 008 |
230403s1970 xo 000 0 slo |
| 015 |
|
|
|a SNBA1970/10-02369
|
| 035 |
|
|
|a SK01SNK19700043305
|
| 035 |
|
|
|a urn:nbn:sk:snk-amjumj
|
| 035 |
|
|
|a urn:nbn:sk:snk-am0081c7
|
| 035 |
|
|
|a 5E117A1F-5E4E-49E7-B9D5-2FC59798D49B
|
| 035 |
|
|
|a SKM000045768
|
| 040 |
|
|
|a SNK
|b slo
|c SNK
|e AACR2
|
| 041 |
0 |
|
|a slo
|
| 044 |
|
|
|a xo
|c SK
|
| 080 |
|
|
|a 371.31:808.2:373.54(072)
|2 1981
|
| 080 |
|
|
|a 808.2:371.31:373.54(072)
|2 1981
|
| 080 |
|
|
|a 882:371.31:373.54(072)
|2 1981
|
| 245 |
0 |
0 |
|a Metodické poznámky k vyučovaniu ruského jazyka a literatúry v 2. ročníku gymnázia
|
| 260 |
|
|
|a Bratislava
|b Slovenské pedagogické nakladateľstvo
|c 1970
|
| 300 |
|
|
|a 32 s.
|c 4°
|
| 366 |
|
|
|e 480 výt.
|
| 504 |
|
|
|a Bibliogr. odkazy
|
| 650 |
0 |
7 |
|a ruština
|2 SNKPH
|9 1346
|
| 650 |
0 |
7 |
|a vyučovanie
|2 SNKPH
|9 1522
|
| 650 |
0 |
7 |
|a gymnáziá
|2 SNKPH
|9 16386
|
| 655 |
|
7 |
|a metodické príručky
|2 SNKPH
|9 70250
|
| 852 |
|
|
|a Slovenská národná knižnica
|
| 954 |
|
|
|a odborná, vedecká literatúra pôvodná (slovenská)
|2 lita
|
| 958 |
|
|
|a OND
|
| 958 |
|
|
|a NB
|
| 958 |
|
|
|a EUIPO
|
| 999 |
|
|
|c 1165249
|d 1167179
|
| 952 |
|
|
|a SNK
|b SNK
|y VYP
|7 0
|p 17A1190157
|o snkSB 16422 D1
|i snkKSP 7526/70
|0 0
|1 0
|4 0
|d 2014-12-16
|l 0
|r 2026-02-24 20:46:43
|w 2026-02-24
|
| 952 |
|
|
|a SNK
|b SNK
|y PREZ
|7 0
|p 17A0808930
|o snkSB 16422
|i snkKSP 7525/70
|0 0
|1 0
|4 0
|d 2014-12-16
|f 1
|l 0
|r 2025-03-19 00:00:00
|w 2026-02-24
|